LIBRARY & INFORMATION CENTRE, KCAET, TAVANUR

ONLINE PUBLIC ACCESS CATALOGUE (OPAC)

A Textbook of Fluid Mechanics And Hydraulic Machines in SI UNITS (Record no. 14326)

MARC details
000 -LEADER
fixed length control field 00502nam a22001577a 4500
003 - CONTROL NUMBER IDENTIFIER
control field OSt
008 - FIXED-LENGTH DATA ELEMENTS--GENERAL INFORMATION
fixed length control field 180830b ||||| |||| 00| 0 eng d
020 ## - INTERNATIONAL STANDARD BOOK NUMBER
ISBN 8121916666
082 ## - DEWEY DECIMAL CLASSIFICATION NUMBER
Classification number 532
Item number RAJ/TE
100 ## - MAIN ENTRY--AUTHOR NAME
Personal name Rajput R.K.
245 ## - TITLE STATEMENT
Title A Textbook of Fluid Mechanics And Hydraulic Machines in SI UNITS
260 ## - PUBLICATION, DISTRIBUTION, ETC. (IMPRINT)
Place of publication New Delhi
Name of publisher S.Chand & Compny Ltd.
Year of publication 2012,2013
300 ## - PHYSICAL DESCRIPTION
Number of Pages 1373, 1046
500 ## - GENERAL NOTE
General note Part I - Page:1046, Part II- Hydraulic Machines (Fluid Power Engineering) Page-401.<br/>
942 ## - ADDED ENTRY ELEMENTS (KOHA)
Koha item type Books
Holdings
Withdrawn status Lost status Damaged status Collection code Home library Current library Shelving location Date acquired Source of acquisition Cost, normal purchase price Full call number Accession Number Koha item type
        KAUAET KAUAET General Stacks 16/06/2016 Aman Book Stall Calicut 825.00 532 RAJ/TE 24631 Books
        KAUAET KAUAET General Stacks 26/07/2016 Penta Books, Calicut. 545.00 532.101 RAJ/TE 24185 Books
        KAUAET KAUAET Scheme 23/08/2016 Aman Book Stall, Calicut. 825.00 532.101 RAJ/TE BB 329 Book Bank scheme for SC students
        KAUAET KAUAET Scheme 23/08/2016 Aman Book Stall, Calicut. 825.00 532.101 RAJ/TE BB 330 Book Bank scheme for SC students
        KAUAET KAUAET Scheme 23/08/2016 Aman Book Stall, Calicut. 825.00 532. RAJ/TE BB 331 Book Bank scheme for SC students
free website counter